000 00485nam a2200193 a 4500
001 1757151154769
003 ACL
005 20250906150715.0
008 250906s1992##################000#0#eng##
020 _a9780521428996
082 0 4 _a782.10924
_bDAH
100 1 _aDahlhaus, Carl,
_eauthor.
245 1 0 _aRichard Wagner's Music Dramas :
260 _bCambridge University Press,
_c1992.
300 _a168 pages
650 0 _aMusic.
942 _cENGLISH
040 _aACL
_beng
_cACL
999 _c585635
_d585635